[Event "St Petersburg Botvinnik 100 op"]
[Site "St Petersburg"]
[Date "2011.08.12"]
[Round "1"]
[White "Toivonen, Alexander"]
[Black "Dzhavathanov, Magomed"]
[Result "1-0"]
[WhiteElo "2292"]
[BlackElo "1794"]
[PlyCount "97"]
[EventDate "2011.08.12"]
[EventType "swiss"]
[EventRounds "9"]
[EventCountry "RUS"]
[SourceTitle "CBM 143 Extra"]
[Source "ChessBase"]
[SourceDate "2011.08.29"]
[SourceVersion "1"]
[SourceVersionDate "2011.08.29"]
[SourceQuality "1"]

1. d4 Nf6 2. c4 g6 3. Nc3 Bg7 4. e4 d6 5. f4 c5 6. d5 0-0 7. Nf3 Na6 8. Bd3 Nb4 9. Be2 Ng4 10. h3 Nf6 11. 0-0 Nh5 12. Kh2 Bh6 13. Ne1 Nf6 14. a3 Na6 15. Nd3 Nc7 16. b4 b6 17. Bb2 Bg7 18. e5 Nfe8 19. Bf3 Rb8 20. b5 a5 21. Qe2 e6 22. Rad1 exd5 23. Nxd5 Nxd5 24. Bxd5 Nc7 25. Nf2 Qe7 26. Rfe1 dxe5 27. Bxe5 Bxe5 28. Qxe5 Qxe5 29. Rxe5 Be6 30. Ne4 Kg7 31. Bxe6 Nxe6 32. f5 gxf5 33. Rxf5 Rbd8 34. Rfd5 Nd4 35. Nc3 f5 36. Re1 Kf6 37. Rxd8 Rxd8 38. Nd5+ Kg5 39. Nxb6 Nc2 40. Re5 Rd2 41. Na4 Kf4 42. Rd5 Re2 43. b6 Ne3 44. b7 Rxg2+ 45. Kh1 Rg8 46. Rxc5 Kf3 47. Rc8 Rg3 48. b8Q f4 49. Rg8 1-0